000 00406nam a22001697a 4500
005 20160625102736.0
008 160625b xxu||||| |||| 00| 0 eng d
020 _a978-81-317-2121-6
041 _aeng
082 _b9977
100 _aRobbins, and others
_91657
245 _aOrganisational Behaviour
260 _aDelhi
_bPearson Education
300 _a747
650 _aManagement
_9241
942 _cBK
999 _c3929
_d3928